000 00683nam a2200193 a 4500
001 BRCA_9130
005 20190320210529.0
008 061017s2017----mx-a######---#000-0#spa-#
041 _aspa
044 _amx
050 4 _aNK4031
_b.B54 8 2017
245 1 0 _a8 [i.e. Octava] Bienal de Cerámica Utilitaria.
260 _aMéxico
_bMuseArte : Museo Franz Mayer
_c2017
300 _a60 p.
_bil. a color
_c21 cm.
500 _aIncluye biografías de los seleccionados
500 _aCatálogo de la exposición realizada en el Museo Franz Mayer (Ciudad de México), 24 noviembre, 2017 - 25 febrero, 2018
650 1 4 _aCerámica mexicana
_vExposiciones
_ySiglo XXI
_922509
942 _2lcc
_cB
999 _c8778
_d8778